000 00517nam a2200205Ia 4500
008 170918s9999 xx 000 0 und d
020 _a9781416912668
050 _bM292da 2006
100 _aMantell, Paul
245 _aDale EarnHardt :
245 _byoung race car driver /
245 _cby Paul Mantell.
260 _aNew York :
260 _bAlladin Paperbacks,
260 _c2006
300 _a216 pages :
300 _billustrations ;
300 _c19cm.
300 _eChildhood of famous Americans.
999 _c343457
_d343457